| 000 | 00986cad a22002175a 4500 | ||
|---|---|---|---|
| 001 | L156740 | ||
| 008 | 120706s2012 xxk 000 0 eng d | ||
| 035 | _a(Sirsi) u156740 | ||
| 041 | 0 | _aeng | |
| 110 | 2 | _aCBRE | |
| 245 | 0 | 0 |
_aBi-monthly research report _bJuly 2012 _h[electronic resource] |
| 260 |
_aBelfast _bCBRE _c2012 |
||
| 490 |
_aCBRE Bi-monthly Research Report _vJuly 2012 |
||
| 520 | _aProvides a detailed commentary on the Irish commercial property market including Belfast. Covers the following markets: Dublin office and retail, Dublin and provincial industrial, Irish and UK investment, development land, hotels and licensed property, and the Belfast and provincial commercial property markets. | ||
| 590 | _aNTK KA | ||
| 651 | 4 |
_aIreland (Republic of) _y |
|
| 651 | 4 |
_aNorthern Ireland _y2007- |
|
| 690 |
_aCommercial property _96227 |
||
| 856 | 4 | 0 |
_uhttps://www.cbre.eu/portal/pls/portal/res_rep.show_report?report_id=1898 _zView the report at www.cbre.eu |
| 942 | _n0 | ||
| 999 |
_c84134 _d84134 |
||